Romancero de pasión / (Record no. 70773)

MARC details
000 -LEADER
campo de control de longitud fija 00478nam a2200169 i 4500
001 - NÚMERO DE CONTROL
campo de control 70773
003 - IDENTIFICADOR DE NÚMERO DE CONTROL
campo de control ES-MaACL
005 - FECHA Y HORA DE LA ÚLTIMA TRANSACCIÓN
campo de control 20250818063042.0
007 - CAMPO FIJO DE DESCRIPCIÓN FÍSICA--INFORMACIÓN GENERAL
campo de control de longitud fija t|
008 - DATOS DE LONGITUD FIJA--INFORMACIÓN GENERAL
campo de control de longitud fija 040802s1968 sp ||||1| spa d
100 1# - ENTRADA PRINCIPAL--NOMBRE DE PERSONA
Nombre de persona Garrido, Manuel,
Fechas asociadas al nombre 1925-2015
9 (RLIN) 55680
245 10 - MENCIÓN DEL TÍTULO
Título Romancero de pasión /
Mención de responsabilidad, etc. Manuel Garrido.
260 ## - PUBLICACIÓN, DISTRIBUCIÓN, ETC.
Lugar de publicación, distribución, etc. Sevilla :
Nombre del editor, distribuidor, etc. [s.n.,
Fecha de publicación, distribución, etc. 1968] (
Fabricante Imp. Acrópolis)
300 ## - DESCRIPCIÓN FÍSICA
Extensión 96 p. ;
Dimensiones 21 cm.
852 ## - LOCALIZACIÓN
Ubicación ES-MaACL
Número de control de estantería B-8491
Sublocalización o colección R.66419
Holdings
Estatus retirado Estado de pérdida Estado de daño No para préstamo Biblioteca de origen Biblioteca actual Ubicación en estantería Fecha de adquisición Fuente de adquisición Total de préstamos Signatura topográfica completa Código de barras Visto por última vez Precio de reemplazo Tipo de ítem Koha
        Biblioteca del Ateneo de Madrid Biblioteca del Ateneo de Madrid Sala Pardo Bazán 17/01/2008     B-8491 1074103 23/02/2023 23/02/2023 Libro impreso